Enhancing learning through formative assessment and feedback/ (Record no. 4844)

MARC details
000 -LEADER
fixed length control field 00712nam a22002177a 4500
003 - CONTROL NUMBER IDENTIFIER
control field OSt
005 - DATE AND TIME OF LATEST TRANSACTION
control field 20251013013112.0
008 - FIXED-LENGTH DATA ELEMENTS--GENERAL INFORMATION
fixed length control field 251013b |||||||| |||| 00| 0 eng d
020 ## - INTERNATIONAL STANDARD BOOK NUMBER
International Standard Book Number 978-0-415-39781-0
040 ## - CATALOGING SOURCE
Original cataloging agency DWCL-Admin lib
Transcribing agency OC
082 ## - DEWEY DECIMAL CLASSIFICATION NUMBER
Classification number Circ. 371.271 Ir71e 2008
100 ## - MAIN ENTRY--PERSONAL NAME
Personal name Irons, Alastair
245 ## - TITLE STATEMENT
Title Enhancing learning through formative assessment and feedback/
Statement of responsibility, etc. Alastair Irons
260 ## - PUBLICATION, DISTRIBUTION, ETC.
Place of publication, distribution, etc. Londons:
Name of publisher, distributor, etc. Routledge ,
Date of publication, distribution, etc. c2008
300 ## - PHYSICAL DESCRIPTION
Extent xiv, 158 p. : ill. ;
Dimensions 22 cm
504 ## - BIBLIOGRAPHY, ETC. NOTE
Bibliography, etc. note Includes bibliographical references and index.
650 ## - SUBJECT ADDED ENTRY--TOPICAL TERM
Topical term or geographic name entry element 1. Education,Higher.
650 ## - SUBJECT ADDED ENTRY--TOPICAL TERM
Topical term or geographic name entry element 2. Educational test and measurements.
650 ## - SUBJECT ADDED ENTRY--TOPICAL TERM
Topical term or geographic name entry element 3. Feedback (Psychology)
942 ## - ADDED ENTRY ELEMENTS (KOHA)
Source of classification or shelving scheme Dewey Decimal Classification
Koha item type Book Circulation
Call number prefix Circ.
Suppress in OPAC No
952 ## - LOCATION AND ITEM INFORMATION (KOHA)
--
Holdings
Withdrawn status Lost status Source of classification or shelving scheme Damaged status Not for loan Home library Current library Shelving location Date acquired Source of acquisition Total Checkouts Full call number Barcode Date last seen Copy number Price effective from Koha item type Uniform Resource Identifier
    Dewey Decimal Classification     College Library College Library Circulation 04/05/2011 School Fund   Circ. 371.271 Ir71e 2008 48281 10/13/2025 c1 10/13/2025 BK-CIRC